| 000 | 00627 a2200217 4500 | ||
|---|---|---|---|
| 999 |
_c32006 _d32006 |
||
| 003 | OSt | ||
| 005 | 20260211150909.0 | ||
| 008 | 260211b ||||| |||| 00| 0 eng d | ||
| 020 | _a978-81-224-7242-4 | ||
| 040 | _c. | ||
| 082 |
_a620.106 _bB5758 |
||
| 100 |
_96577 _aBhavikatti, S.S. |
||
| 245 |
_aEngineering Solid and Fluid Mechanics / _cby S S Bhavikatti, C.P. Kothandaraman |
||
| 250 | _a2nd ed. | ||
| 260 |
_bNew Age International Publishers, _aNew Delhi : _c2022 |
||
| 300 | _a486 p. | ||
| 650 | 0 |
_9298 _aFluid Mechanics |
|
| 650 | 0 |
_96586 _aSolid Mechanics |
|
| 700 |
_96453 _aKothandaraman, C P |
||
| 942 |
_2ddc _cBK |
||